000 00627nam a2200205Ia 4500
005 20250508164736.0
008 008 250505s9999 xx 000 0 eng d
020 _a978-81-7829-903-7
037 _aTextual
040 _aFEDL
_beng
_cFEDL
041 _aeng
_2eng
084 _a370.19, MOH
_qFEDL
100 _aMohanty Ajit K and others Ed.
_9779038
245 0 _aMultilingual education for social justice: Globalising the local
260 _aNew Delhi, India
_bOrient Blackswan Private Limited
_c2009
300 _a400p.
365 _aINR
_b675
942 _cTEXL
_h370.19, MOH
999 _c1390859
_d1390859